A critical and exegetical commentary on Genesis /

Bibliographic Details
Main Author: Skinner, John, 1851-1925
Format: Book
Language:English
Published: New York : C. Scribner's sons, 1925.
Series:International critical commentary on the Holy Scriptures of the Old and New Testaments ; v. 1.
Subjects:

MARC

Tag First Indicator Second Indicator Subfields
LEADER 00000cam a2200000 4500
001 in00000038544
005 20151007081124.0
008 800424s1925 nyu b 00010 eng d
035 |a (OCoLC)06242820 
035 |9 AAF5903AM 
040 |a TXA  |c TXA  |d UtOrBLW 
049 |a TXAM  |c [122519] 
090 |a BS491  |b .I6 v.1 
092 |a 222.11  |b S628c 1925 
100 1 |a Skinner, John,  |d 1851-1925. 
245 1 2 |a A critical and exegetical commentary on Genesis /  |c by John Skinner ... 
264 1 |a New York :  |b C. Scribner's sons,  |c 1925. 
300 |a 7 pages ., vii-xx, lxvii, 551 pages ;  |c 22 cm. 
336 |a text  |b txt  |2 rdacontent 
337 |a unmediated  |b n  |2 rdamedia 
338 |a volume  |b nc  |2 rdacarrier 
490 1 |a The international critical commentary on the Holy Scriptures of the Old and New Testaments 
504 |a Bibliography: pages [xiii]-xx. 
630 0 0 |a Bible.  |p Genesis  |x Commentaries. 
830 0 |a International critical commentary on the Holy Scriptures of the Old and New Testaments ;  |v v. 1. 
999 |a MARS 
999 f f |s dd4dd35f-7870-3ff4-8df9-649e41caafd2  |i 299728b5-f6ce-3085-be95-b5d546271827  |t 0 
952 f f |p ric  |a Texas A&M University  |b Rellis Campus  |c Joint Library Facility  |d Remote Storage  |t 0  |e BS491 .I6 v.1  |h Library of Congress classification  |i unmediated -- volume  |m A14800603172 
998 f f |a BS491 .I6 v.1  |t 0  |l Remote Storage